<?xml version="1.0" encoding="UTF-8"?>
<record
    xmlns:xsi="http://www.w3.org/2001/XMLSchema-instance"
    xsi:schemaLocation="http://www.loc.gov/MARC21/slim http://www.loc.gov/standards/marcxml/schema/MARC21slim.xsd"
    xmlns="http://www.loc.gov/MARC21/slim">

  <leader>02902nam a2200397 i 4500</leader>
  <controlfield tag="001">991107219403806196</controlfield>
  <controlfield tag="005">20251006120326.0</controlfield>
  <controlfield tag="006">m     o  d        </controlfield>
  <controlfield tag="007">cr |n|||||||||</controlfield>
  <controlfield tag="008">210119r20212021enk     ob    001 0 eng d</controlfield>
  <datafield tag="020" ind1=" " ind2=" ">
    <subfield code="a">9781350332218</subfield>
  </datafield>
  <datafield tag="024" ind1="7" ind2=" ">
    <subfield code="a">10.5040/9781350179639</subfield>
    <subfield code="2">doi</subfield>
  </datafield>
  <datafield tag="035" ind1=" " ind2=" ">
    <subfield code="a">(CKB)5670000000397993</subfield>
  </datafield>
  <datafield tag="035" ind1=" " ind2=" ">
    <subfield code="a">(MiAaPQ)EBC7129769</subfield>
  </datafield>
  <datafield tag="035" ind1=" " ind2=" ">
    <subfield code="a">(OCoLC)1238134327</subfield>
  </datafield>
  <datafield tag="035" ind1=" " ind2=" ">
    <subfield code="a">(CaBNVSL)9781350179639</subfield>
  </datafield>
  <datafield tag="035" ind1=" " ind2=" ">
    <subfield code="a">(CaBNVSL)BP9781350179639BC</subfield>
  </datafield>
  <datafield tag="035" ind1=" " ind2=" ">
    <subfield code="a">(Perlego)3772503</subfield>
  </datafield>
  <datafield tag="035" ind1=" " ind2=" ">
    <subfield code="a">(EXLCZ)995670000000397993</subfield>
  </datafield>
  <datafield tag="040" ind1=" " ind2=" ">
    <subfield code="a">YDX</subfield>
    <subfield code="b">eng</subfield>
    <subfield code="e">rda</subfield>
    <subfield code="c">CaBNVSL</subfield>
    <subfield code="d">CaBNVSL</subfield>
  </datafield>
  <datafield tag="041" ind1=" " ind2=" ">
    <subfield code="a">English</subfield>
  </datafield>
  <datafield tag="043" ind1=" " ind2=" ">
    <subfield code="a">e-uk---</subfield>
  </datafield>
  <datafield tag="050" ind1=" " ind2="4">
    <subfield code="a">TT505.B87</subfield>
    <subfield code="b">W47 2021eb</subfield>
  </datafield>
  <datafield tag="100" ind1=" " ind2=" ">
    <subfield code="a">Weston, Si&#xE2;n</subfield>
    <subfield code="e">author</subfield>
    <subfield code="9">25469</subfield>
  </datafield>
  <datafield tag="245" ind1="1" ind2="0">
    <subfield code="a">Changing face of Burberry </subfield>
    <subfield code="b">: Britishness, heritage, labour and consumption </subfield>
    <subfield code="c">/ Si&#xE2;n Weston.</subfield>
  </datafield>
  <datafield tag="250" ind1=" " ind2=" ">
    <subfield code="a">First edition.</subfield>
  </datafield>
  <datafield tag="264" ind1=" " ind2=" ">
    <subfield code="a">London [England] :</subfield>
    <subfield code="b">Bloomsbury Publishing,</subfield>
    <subfield code="c">2021.</subfield>
  </datafield>
  <datafield tag="300" ind1=" " ind2=" ">
    <subfield code="a">256 pages :</subfield>
    <subfield code="b">illustrations , portraits (black and white) ;</subfield>
    <subfield code="c">24 cm.</subfield>
  </datafield>
  <datafield tag="504" ind1=" " ind2=" ">
    <subfield code="a">Includes bibliographical references and index.</subfield>
  </datafield>
  <datafield tag="505" ind1="0" ind2=" ">
    <subfield code="a">A one hundred-and-fifty year metamorphosis
&#x2014; A new rose and a move East
&#x2014; Surviving through British-ness
&#x2014; 'Good' and 'bad' consumers: the lost fight, and the fight back
&#x2014; The &#x110;13,00 handbag
&#x2014; Heritage, craft, and the global marketplace.</subfield>
  </datafield>
  <datafield tag="520" ind1=" " ind2=" ">
    <subfield code="a">Global fashion markets, particularly those aimed at prosperous millennial consumers in China, are in thrall to Burberry, and connect the company's output in the 21st century to a quintessential notion of British tradition. The Changing Face of Burberry examines how the company successfully built this sense of tradition and how it has retained and capitalized on it within contemporary consumer culture. Charting the company's modest beginnings in semi-rural Hampshire in 1856 when it primarily produced waxed smocks for agricultural workers, the book follows the ebbs and flows of its fortunes over its 150-year history, from creating garments for the early motorist, the gentleman officer, and the aristocratic adventurer, to its current status as global fashion brand. It also explores Burberry's more problematic associations, when the brand was sold in tourist souvenir stores and linked to 'chav' culture. Combining interviews and archive material, including close analysis of advertising campaigns from the late 19th to the 21st century, The Changing Face of Burberry provides an authoritative account of shifting forms of British identity, consumer culture and fashion production, and highlights the shift over two centuries from an era when garments were made by a single hand, through to a digitized and global marketplace.</subfield>
  </datafield>
  <datafield tag="610" ind1=" " ind2="0">
    <subfield code="a">Burberry (Firm : London, England)</subfield>
    <subfield code="9">22915</subfield>
  </datafield>
  <datafield tag="650" ind1=" " ind2="0">
    <subfield code="a">Fashion designers</subfield>
    <subfield code="z">Great Britain</subfield>
    <subfield code="9">26008</subfield>
  </datafield>
  <datafield tag="650" ind1=" " ind2="0">
    <subfield code="a">Fashion</subfield>
    <subfield code="z">Great Britain</subfield>
    <subfield code="x">History</subfield>
    <subfield code="9">23800</subfield>
  </datafield>
  <datafield tag="942" ind1=" " ind2=" ">
    <subfield code="2">lcc</subfield>
  </datafield>
  <datafield tag="952" ind1=" " ind2=" ">
    <subfield code="0">0</subfield>
    <subfield code="1">0</subfield>
    <subfield code="2">lcc</subfield>
    <subfield code="4">0</subfield>
    <subfield code="7">0</subfield>
    <subfield code="a">TBS</subfield>
    <subfield code="b">TBS</subfield>
    <subfield code="d">2025-10-06</subfield>
    <subfield code="l">0</subfield>
    <subfield code="o">TT505 WES</subfield>
    <subfield code="p">B07653</subfield>
    <subfield code="r">2025-10-06</subfield>
    <subfield code="t">1</subfield>
    <subfield code="w">2025-10-06</subfield>
    <subfield code="y">1</subfield>
  </datafield>
  <datafield tag="999" ind1=" " ind2=" ">
    <subfield code="c">4749</subfield>
    <subfield code="d">4749</subfield>
  </datafield>
</record>
